Normal view
MARC view
Entry Personal Name
001 - CONTROL NUMBER
- control field: 1011600
003 - CONTROL NUMBER IDENTIFIER
- control field: OSt
005 - DATE AND TIME OF LATEST TRANSACTION
- control field: 20260121154808.0
008 - FIXED-LENGTH DATA ELEMENTS
- fixed length control field: 260121|| aca||aabn | a|a d
040 ## - CATALOGING SOURCE
- Original cataloging agency: OSt
- Transcribing agency: OSt
100 ## - HEADING--PERSONAL NAME
- Personal name: Meri Kulmala; Maija J„ppinen; Anna Pivovarova; Anna Tarasenko
670 ## - SOURCE DATA FOUND
- Source citation: Work cat.: (OSt)1578421: Meri Kulmala; Maija J„ppinen; Anna Pivovarova; Anna Tarasenko , Reforming Child Welfare in the Post-Soviet Space
